000 01014pam a2200301 a 4500
005 20230616163001.0
008 230616s2007 ne ab 001 0 eng d
020 _a9780750662581 (pbk.) :
041 _aeng
042 _aukblcatcopy
082 0 4 _a343.4207869
100 1 _aBillington, M. J.
245 1 0 _aUsing the building regulations :
_bsite preparation and resistance to contaminants and moisture /
_cM.J. Billington.
246 1 4 _aUsing the building regulations part C.
246 3 _aSite preparation and resistance to contaminants and moisture
260 _aAmsterdam ;
_aLondon :
_bButterworth-Heinemann,
_c2007.
300 _axxii, 214 p. :
_bill., 1 map ;
_c24 cm.
500 _aIncludes index.
650 0 _aBuilding Regulations
650 0 _aContamination
650 0 _aDamp
650 0 _aMoisture
651 _aUnited Kingdom
690 _96224
_aBuilding regulations
730 0 _aBuilding Regulations 2000
942 _n0
999 _c121542
_d121542